| 000 | 00617nam a22001937a 4500 | ||
|---|---|---|---|
| 005 | 20250910122720.0 | ||
| 008 | 250910b |||||||| |||| 00| 0 eng d | ||
| 020 |
_a9780029021903 _qpbk |
||
| 041 | _aeng | ||
| 082 |
_a128.3 _bBEC |
||
| 100 | _aBecker, Ernest | ||
| 245 |
_aBirth And Death Of Meaning _b: _cErnest Becker |
||
| 260 |
_aLondon _bThe Free Press _cc1971 |
||
| 300 |
_ax, 228 p. _c24 cm. |
||
| 504 | _aBib and Ref | ||
| 520 | _aUses the disciplines of psychology, anthropology, sociology and psychiatry to explain what makes people act the way they do | ||
| 650 | _aParapsychology | ||
| 942 | _cENGLISH | ||
| 999 |
_c586323 _d586323 |
||